Giza Zirriborroa / (Record no. 182956)

MARC details
000 -LEADER
campo de control de longitud fija 00561nam a22001931i 4500
001 - NÚMERO DE CONTROL
campo de control 182956
003 - IDENTIFICADOR DE NÚMERO DE CONTROL
campo de control ES-MaACL
005 - FECHA Y HORA DE LA ÚLTIMA TRANSACCIÓN
campo de control 20230906221743.0
008 - DATOS DE LONGITUD FIJA--INFORMACIÓN GENERAL
campo de control de longitud fija 140107s1972 sp |||| | baq d
080 ## - NÚMERO DE LA CLASIFICACIÓN DECIMAL UNIVERSAL
Número de la Clasificación Decimal Universal 891.69-36"19"
100 1# - ENTRADA PRINCIPAL--NOMBRE DE PERSONA
Nombre de persona Alkorta, Kaxildo.
9 (RLIN) 154067
245 10 - MENCIÓN DEL TÍTULO
Título Giza Zirriborroa /
Mención de responsabilidad, etc. Kaxildo Alkorta.
260 ## - PUBLICACIÓN, DISTRIBUCIÓN, ETC.
Lugar de publicación, distribución, etc. Bilbao :
Nombre del editor, distribuidor, etc. Mensajero,
Fecha de publicación, distribución, etc. [1972]
300 ## - DESCRIPCIÓN FÍSICA
Extensión 158 p. :
Otras características físicas grab. ;
Dimensiones 18 cm.
490 1# - MENCIÓN DE SERIE
Mención de serie Etor Bidean Kultura ;
Designación de volumen o secuencia v. 18
830 0# - PUNTO DE ACCESO ADICIONAL DE SERIE-TÍTULO UNIFORME
Título uniforme Etor Bidean Kultura ;
Designación de volumen o secuencia v. 18
9 (RLIN) 183811
852 ## - LOCALIZACIÓN
Ubicación ES-MaACL
Número de control de estantería C-53517
Holdings
Estatus retirado Estado de pérdida Estado de daño No para préstamo Biblioteca de origen Biblioteca actual Ubicación en estantería Fecha de adquisición Fuente de adquisición Total de préstamos Signatura topográfica completa Código de barras Visto por última vez Precio de reemplazo Tipo de ítem Koha
        Biblioteca del Ateneo de Madrid Biblioteca del Ateneo de Madrid Depósito 2 07/01/2014     C-53517 1192291 23/02/2023 23/02/2023 Libro impreso